| 000 | 00713nam a2200265Ia 4500 | ||
|---|---|---|---|
| 003 | OSt | ||
| 005 | 20221006142307.0 | ||
| 006 | a|||||r|||| 00| 0 | ||
| 007 | ta | ||
| 008 | 221006b |||||||| |||| 00| 0 jpn d | ||
| 020 | _c¥5800 | ||
| 024 | _a5,992 | ||
| 037 |
_bGift, Japan Foundation _cTextual |
||
| 040 |
_aEASL _cEASL _bjpn |
||
| 041 |
_2jpn _ajpn |
||
| 082 | _aO42xN9, N3 | ||
| 100 |
_aKATAOKA Ryoichi _9647309 |
||
| 245 | 0 | _aKindai nihon no sakka to sakuhin | |
| 260 |
_aTokyo _bIwanami Shoten Japan _c1993 |
||
| 300 |
_a642p. _ccm. |
||
| 490 | _v JL | ||
| 650 | _aJL | ||
| 942 |
_hO42xN9, N3 _cTEXL _2CC |
||
| 999 |
_c1074078 _d1074078 |
||